00697nas a2200181 a 4500008004100000050001500041110006400056245005600120260008000176300001800256350000900274490005800283500001200341650001100353650004800364999001700412952008600429100803c20109999||||||||||||||||| ||    u  aUNCTAD(08)  aUnited Nations Conference on Trade and Development (UNCTAD)10aRenewable energy technologies for rural development  aNew YorkbUnited Nations Conference on Trade and Development (UNCTAD)c2010  av, 35p. ;ill.  a0.00  aCurrent Studies on Science, Technology and Innovation  aIssue 1  aENERGY  aRENEWABLE ENERGY SOURCES--RURAL DEVELOPMENT  c56063d56063  00102lcc4070a001b001d2022-11-30l0oUNCTAD(08)r2022-11-30w2022-11-30y002